Політична метафора у мові американської публіцистики (Record no. 282580)

MARC details
000 -LEADER
fixed length control field 01480nam a22001577a 4500
041 ## - LANGUAGE CODE
Language code of text/sound track or separate title ukr
080 ## - UNIVERSAL DECIMAL CLASSIFICATION NUMBER
Universal Decimal Classification number 09
090 ## - LOCALLY ASSIGNED LC-TYPE CALL NUMBER (OCLC); LOCAL CALL NUMBER (OCLC)
Local cutter number (OCLC) ; Book number/undivided call number, CALL (RLIN) ЗАХ
100 ## - MAIN ENTRY--PERSONAL NAME
Personal name Захарчук А. В.
245 ## - TITLE STATEMENT
Title Політична метафора у мові американської публіцистики
260 ## - PUBLICATION, DISTRIBUTION, ETC. (IMPRINT)
Place of publication, distribution, etc Острог
Name of publisher, distributor, etc КАФ
Date of publication, distribution, etc 2004
300 ## - PHYSICAL DESCRIPTION
Extent 52
520 ## - SUMMARY, ETC.
Summary, etc Розділ 1. Лінгвістичні особливості публіцистичного стилю сучасної американської преси.<br/>1.1. Стилістична характеристика американських публіцистичних текстів.<br/>1.2. Лексичні особливості мови газнтно-журнальних статей.<br/>Розділ 2. Функціональні особливості метафор у публіцистичних текстах англійської мови.<br/>2.1. Прагматичний аспект використання метафор.<br/>2.2. Когнітивний аспект функціонування метафор як передумова утворення концептів.<br/>2.3. Групи концептуальних метафор у публіцистичних текстах.<br/>2.3.1. Політика війна.<br/>2.3.2. Політика природа.<br/>2.3.3. Політика полювання.
-- Метафора, публіцистика, текст.
650 ## - SUBJECT ADDED ENTRY--TOPICAL TERM
Topical term or geographic name as entry element Research Papers
942 ## - ADDED ENTRY ELEMENTS (KOHA)
Koha item type Books
Holdings
Withdrawn status Lost status Source of classification or shelving scheme Damaged status Not for loan Home library Current library Date acquired Source of acquisition Coded location qualifier Cost, normal purchase price Total Checkouts Full call number Barcode Date last seen Price effective from Koha item type
    Universal Decimal Classification     ВІЛ - Відділ іноземн. літератури НБ ВІЛ - Відділ іноземн. літератури НБ 08/08/2005 Акт В12 1.00   09 210142 20/12/2021 16/12/2004 Books